| 000 | 00984cam a2200277 a 4500 | ||
|---|---|---|---|
| 001 | 17976780 | ||
| 005 | 20201128021239.0 | ||
| 008 | 131219t2015 flua frb 001 0 eng d | ||
| 020 | _a9781482207323 (hardback : acidfree paper) | ||
| 040 |
_aDLC _beng _cDLC _dDLC _dEG-ScBUE |
||
| 082 | 0 | 4 |
_a621.3981 _222 _bIND |
| 245 | 0 | 0 |
_aIndustrial communication technology handbook / _cedited by Richard Zurawski. |
| 250 | _a2nd ed. | ||
| 260 |
_aBoca Raton : _bCRC Press / Taylor & Francis Group, _cc.2015. |
||
| 300 |
_a[Various pagings] : _bill. ; _c26 cm. |
||
| 490 | 0 | _aIndustrial information technology series | |
| 504 | _aIncludes bibliographical references and index. | ||
| 650 | 7 |
_aComputer networks. _2BUEsh _91660 |
|
| 650 | 7 |
_aData transmission systems. _2BUEsh _98864 |
|
| 650 | 0 |
_aWireless communication systems. _2BUEsh _912950 |
|
| 651 | _2BUEsh | ||
| 653 |
_bENGGEN _cMay2015 |
||
| 655 |
_vreading book _934232 |
||
| 700 | 1 |
_aZurawski, Richard _eeditor. _937853 |
|
| 942 | _2ddc | ||
| 999 |
_c19288 _d19260 |
||